000 00610nam a2200193 a 4500
001 000047772
005 20201002060728.0
008 180808s2018 dr a 000 0 spa d
020 _a9789945124934
082 _axxx
_bS582f, 4to., 2017
100 1 _aSilega, Santiago
_975363
245 1 0 _aFormación integral, humana y religiosa 4 :
_bsecundaria /
_cSantiago Silega.
260 _aSanto Domingo :
_bSusaeta,
_c2018.
300 _a136 p. :
_bil. ;
_c29 cm.
500 _aEnfoque por competencias. Nuevo currículo
500 _aBibliografía: p. 136
590 _aInventariado, 2018/MFF
999 _c47260
_d47260
040 _aDO-SdBNP